| 000 | 00887nas a2200265 4500 | ||
|---|---|---|---|
| 001 | BR2016000673 | ||
| 003 | BR-BrBNA | ||
| 005 | 20231205130129.0 | ||
| 007 | ta | ||
| 008 | 230509b bl.|||p| |||| 00| 00por d | ||
| 040 |
_aBR-BrBNA _bpor _cBiblioteca Nacional de Agricultura |
||
| 041 | _a(En) | ||
| 072 | _aM40 | ||
| 100 | 1 | _aKarling, L.C. | |
| 100 | 1 | _aLopes, L.P. da C. | |
| 100 | 1 | _aTakemoto, R.M. | |
| 100 | 1 | _aPavanelli, G.C. | |
| 245 | 1 | _aNew species of Tereancistrum (Dactylogyridae)monogenean parasites of Schizodon borellii (Characiformes, Anostomidae)from Brazil, and emended diagnosis for T. parvus | |
| 650 | _aPARASITO | ||
| 650 | _aPIABA | ||
| 650 | _aPEIXE | ||
| 773 | 0 |
_tActa Scientiarum. Biological Sciences (Brazil) _xISSN 1679-9283 _g(Jul-Sep 2014), v. 36(3) p. 365-369 _wBR2016000673 |
|
| 909 |
_a202311 _bLúcia _c55 _dLúcia Elande |
||
| 942 |
_2AGRIS _n0 _cANA |
||
| 999 |
_c247978 _d247978 |
||